000 00636nam a2200181 i 4500
001 108168
003 ES-MaACL
005 20230906184608.0
007 t|
008 061121s1935 sp r ||||1| spa d
100 1 _aMontañés, Pablo.
_982392
245 1 0 _aProyecto de organización de la lucha contra la lepra /
_cPablo Montañés.
260 _aMadrid :
_b[s.n.],
_c1935 (
_fGráfica Literaria)
300 _a17 p. ;
_c24.
500 _aPrece al tit. : Primer Congreso Nacional de Sanidad . Madrid 6-12 de Mayo de 1934. Sección de Organización Sanitaria.
650 4 _aLepra-
_zEspaña.
_9155984
852 _aES-MaACL
_j1807-F-10
999 _c108168
_d108168